000 00294nam a22001337a 4500
008 181107b xxu||||| |||| 00| 0 eng d
020 _a021898616753
041 _aeng
080 _23rd
_a038
100 _a23
101 _aFJA
245 _aWebster's New World
_cNeufeldt, V
942 _2udc
_cBK
999 _c52218
_d52218